Statistics for Meryl Streep Movies

Click here to take the quiz!

General Stats

  • This quiz has been taken 581 times
    (575 since last reset)
  • The average score is 16 of 52

Answer Stats

YearRoleMovie% Correct
2006Miranda PriestlyThe Devil Wears Prada
86%
2011Margaret ThatcherThe Iron Lady
86%
1982SophieSophie's Choice
77%
1979Joanna KramerKramer vs. Kramer
75%
2008DonnaMamma Mia!
68%
2008Sister Aloysius BeauvierDoubt
63%
1977Anne MarieJulia
63%
1983Karen SilkwoodSilkwood
62%
1985KarenOut of Africa
56%
2013Violet WestonAugust: Osage County
55%
2009Julia ChildJulie & Julia
55%
2009Voice of Mrs.FoxFantastic Mr. Fox
51%
1978LindaThe Deer Hunter
51%
1995Francesca JohnsonThe Bridges of Madison County
50%
1992Madeline AshtonDeath Becomes Her
49%
2009Jane AdlerIt's Complicated
44%
2002Clarissa VaughanThe Hours
41%
2002Susan OrleanAdaptation
36%
1990Suzanne ValePostcards from the Edge
35%
1981Sarah / AnnaThe French Lieutenant's Woman
35%
1999Roberta GuaspariMusic of the Heart
34%
1988Lindy ChamberlainA Cry in the Dark
32%
1987Helen ArcherIronweed
32%
1994Gail HartmanThe River Wild
32%
1989Mary FisherShe-Devil
28%
2004Aunt JosephineLemony Snicket's A Series of Unfortunate Events
27%
1986Rachel SamstatHeartburn
25%
2012KayHope Springs
25%
1979JillManhattan
25%
1996LeeMarvin's Room
22%
1998Kate GuldenOne True Thing
22%
2004Eleanor ShawThe Manchurian Candidate
22%
2007Janine RothLions for Lambs
21%
2005Lisa MetzgerPrime
19%
1984Molly GilmoreFalling in Love
15%
1985Susan TrahernePlenty
13%
2001Voice of Blue MechaA.I. Artificial Intelligence
9%
2006Yolanda JohnsonA Prairie Home Companion
9%
1996Dr. Carolyn RyanBefore and After
9%
1998Kate MundyDancing at Lughnasa
9%
2007Corrine WhitmanRendition
9%
1982Brooke ReynoldsStill of the Night
9%
2006Voice of the QueenThe Ant Bully
9%
1993ClaraThe House of the Spirits
9%
1991JuliaDefending Your Life
8%
2007Lila RossEvening
7%
1979Karen TraynorThe Seduction of Joe Tynan
7%
2007Joanna SilverDark Matter
6%
1982AliceAlice at the Palace
2%
1997Lori Reimuller...First Do No Harm
2%
1977Sharon MillerThe Deadliest Season
2%
1981KatherineKiss Me, Petruchio
0%

Score Distribution

Percentile by Number Answered

Percent of People with Each Score

Your Score History

You have not taken this quiz since the last reset